000 00404nam a2200181Ia 4500
100 _aKhan/Md.N/ Panigrahi/S
650 _aPhysics
490 _v1
942 _cBK
366 _f25
654 _aengineering physics
245 _aPrinciples of Engineering Physics
260 _bCambrideg University Press
_c2016
082 _bKHAN
300 _a873
546 _aENGLISH
_cComputers
999 _c19280
_d19280